Normal view
MARC view
- Systems on a chip
Entry Topical Term
001 - CONTROL NUMBER
- control field: 83328
003 - CONTROL NUMBER IDENTIFIER
- control field: NUST
005 - DATE AND TIME OF LATEST TRANSACTION
- control field: 20211021152807.0
008 - FIXED-LENGTH DATA ELEMENTS
- fixed length control field: 211021|| aca||aabn | a|a d
040 ## - CATALOGING SOURCE
- Original cataloging agency: NUST
- Transcribing agency: NUST
150 ## - HEADING--TOPICAL TERM
- Topical term or geographic name entry element: Systems on a chip
- General subdivision: Design and construction
670 ## - SOURCE DATA FOUND
- Source citation: Work cat.: (NUST)32965: Stollon, Neal. 83327, On-chip instrumentation :, 2010.
